| 000 | 00789cab a2200217 4500 | ||
|---|---|---|---|
| 001 | ABS38093 | ||
| 008 | 090401t xxu||||| |||| 00| 0 eng d | ||
| 035 | _a(Sirsi) u8693 | ||
| 041 | _aeng | ||
| 100 | _aSimpson, B. | ||
| 245 | _aInner city enterprise: to boldly go where | ||
| 350 | _a0 | ||
| 490 |
_aSurveyor (PWW) _v168(4957) 13 August, 15-17(3) |
||
| 520 | _aIn the light of Government plans to set up further urban development corporations to tackle inner city decline, this article discusses the implications for town planning and local government, with reference to similar schemes in France and Germany. | ||
| 650 | _aINNER CITIES | ||
| 650 | _aLOCAL AUTHORITIES | ||
| 650 | _aURBAN REGENERATION | ||
| 690 | _aPLANNING LAW AND PRACTICE | ||
| 942 | _n0 | ||
| 948 | _c04/03/1997 | ||
| 999 |
_c5390 _d5390 |
||